000
00281nam a2200121Ia 4500
008
190216s9999||||xx |||||||||||||| ||und||
100
_a
Osho
245
0
_a
Hindi-Pandith Purohith Aur Ramnetha
260
_b
Full Circle Publishers
300
_a
143
650
_a
Hindi
942
_c
BK
999
_c
16236
_d
16236